電気通信技術におけるテクノロジー・アセスメント「要約」(昭和48年3月)
Đã lưu trong:
| Údar Corparáideach: | |
|---|---|
| Formáid: | Leabhar |
| Teanga: | Undetermined |
| Foilsithe: |
東京
未来工学研究所
1973
|
| Ábhair: | |
| Clibeanna: |
Cuir Clib Leis
Gan Chlibeanna, Bí ar an gcéad duine leis an taifead seo a chlibeáil!
|
| Thư viện lưu trữ: | Trung tâm Học liệu Trường Đại học Cần Thơ |
|---|
| LEADER | 00569nam a2200181Ia 4500 | ||
|---|---|---|---|
| 001 | CTU_80770 | ||
| 008 | 210402s9999 xx 000 0 und d | ||
| 082 | |a 621.38 | ||
| 082 | |b M671 | ||
| 110 | |a 未来工学研究所 | ||
| 245 | 0 | |a 電気通信技術におけるテクノロジー・アセスメント「要約」(昭和48年3月) | |
| 245 | 0 | |c 未来工学研究所 | |
| 260 | |a 東京 | ||
| 260 | |b 未来工学研究所 | ||
| 260 | |c 1973 | ||
| 650 | |a Telecommunication | ||
| 904 | |i Ngoc,Hải | ||
| 980 | |a Trung tâm Học liệu Trường Đại học Cần Thơ | ||